000 00611nac a22001811u 4500
010 _a 81172188
082 0 0 _a635.93422
_bPAD
090 _c9684
_d9684
100 _aPadilla, Victoria.
245 1 4 _aThe colorful bromeliads :
_btheir infinite variety /
_cby Victoria Padilla.
260 _aLos Angeles, Calif. :
_bBromeliad Society,1981
_c1981.
300 _a112 p. :
_bcol. ill. ;
_c29 cm.
500 _aIncludes index.
500 _adistributer: Al-Ahram
511 _acatalogued by: wessam
650 0 _aBromeliaceae
_xPictorial works.
942 _cBB
_k635.93422PAD
999 _c9684
_d9684